000
00209 a2200097 4500
001
47416
100
_a
Feis H
245
_a
Japan subdued
260
_a
London
_b
Princeton new jersey
_c
090
_c
30444
_d
30444
942
_a
NUST-CAE
_c
M
_c
22719
999
_c
282489
_d
282489